000 00505cam a22001577a 4500
008 180718b1999 xxu||||| |||| 00| 0 eng d
100 _aDevarajan, Shantayanan
245 _aQuantifying the fiscal effects of trade reform
_cby Shantayanan Devarajan, Delifin S. Go and Hongyi Li
260 _aWashington, D.C.
_bWorld Bank
_c1999
300 _av.p.
440 _aPolicy research working paper 2162
650 _aTrade reform
650 _aFiscal effects
700 _aHongyi Li
700 _aDelifin S. Go
999 _c278681
_d278681